Datum a čas kvízu
31.5
Celkem bodů
Celkový počet nahraných bodů na tomto kvízu bez doplňovacích otázek.
4.
Pořadí na kvízu
Konečné umístění týmu na tomto kvízu.
Zaznamenané odpovědi
| # | Otázka | Odpověď | Body | Výsledky |
|---|---|---|---|---|
| 1. | Jak se nazývá politické hnutí,... | 1 | ||
| 2. | Policisté provedli v minulých... | 0 | ||
| 3. | Jistá zpěvačka minulý týden za... | 0 | ||
| 4. | Jak informoval v úterý Čínský... | 0 | ||
| 5. | Disciplinární komise Ligové fo... | 1 | ||
| 6. | Zvíře jménem Mojžíš v Orwellov... | 0 | ||
| 7. | Kniha Volání divočiny se odehr... | 1 | ||
| 8. | Příběhy medvídka Pú pochází z... | 1 | ||
| 9. | O Knize džunglí jsme se v kvíz... | 0 | ||
| 10. | Lev, čarodějnice a skříň není... | 0 |